Desarrollo urbanistico y arquitectónico de valladultd (1851-1936)

Bibliographic Details
Main Author: Virgili Blanquet, Maria Antonia
Format: Section = Libro
Language:Undetermined
Spanish
Published: Madrid, España Valladolid 1979
Subjects:
LEADER 00533nam a2200181Ia 4500
008 240829s9999 xx 000 0 und d
020 |a 84-500-3231-8 
040 |a BIBLIOTECA-RUSB/ 711.4 V813 
041 |a spa 
082 |a 711.4 V813 
100 1 |a Virgili Blanquet, Maria Antonia 
245 1 0 |a Desarrollo urbanistico y arquitectónico de valladultd (1851-1936) 
260 |a Madrid, España  |b Valladolid  |c 1979 
300 |a 448 p. :il. 
650 7 |a CIUDADESPLANES Y PLANIFICACION LOCALES 
942 |c BK  |2 ddc 
991 |a TEXTO 
999 |c 4815